| 000 | 00972cam a22002654a 4500 | ||
|---|---|---|---|
| 001 | 11869448 | ||
| 005 | 20241028120524.0 | ||
| 008 | 991216s2001 nyua b 001 0 eng | ||
| 020 | _a9780471352921 | ||
| 050 | 0 | 0 |
_aNA2705 _b.L38 2001 |
| 082 | 0 | 0 |
_a720/.28/4 _221 |
| 100 | 1 |
_aLaseau, Paul, _d1937- |
|
| 245 | 1 | 0 |
_aGraphic thinking for architects & designers / _cPaul Laseau. |
| 250 | _a3rd. ed. | ||
| 260 |
_aNew York : _bWiley, _cc2001. |
||
| 300 |
_aix, 246 p. : _bill. ; _c28 cm. |
||
| 650 | 0 | _aArchitectural drawing. | |
| 650 | 0 | _aCommunication in architectural design. | |
| 650 | 0 |
_aArchitecture _xSketch-books. |
|
| 650 | 0 | _aGraphic arts. | |
| 856 | 4 | 2 |
_3Contributor biographical information _uhttp://www.loc.gov/catdir/bios/wiley045/99086809.html |
| 856 | 4 | 2 |
_3Publisher description _uhttp://www.loc.gov/catdir/description/wiley039/99086809.html |
| 856 | 4 |
_3Table of Contents _uhttp://www.loc.gov/catdir/toc/onix05/99086809.html |
|
| 942 |
_2lcc _cBK _e3rd Ed. _n0 |
||
| 999 |
_c277 _d277 |
||